Statistics for Nothing’s New - Rio Romeo - All Lyrics

Click here to take the quiz!

General Stats

  • This quiz has been taken 35 times
  • The average score is 188 of 229

Answer Stats

Answer% Correct
I
100%
me,
100%
me
100%
new,
100%
new
100%
no
100%
not
100%
Nothing’s
100%
nothing's
100%
you
100%
And
92%
and
92%
decency
92%
it
92%
it,
92%
please
92%
Please
92%
So
92%
some
92%
spare
92%
when
92%
be
85%
Be
85%
call
85%
fall
85%
give
85%
indignity
85%
that
85%
through,
85%
through
85%
time
85%
to
85%
won't
85%
apart
77%
if
77%
is
77%
know
77%
loved
77%
of
77%
our
77%
touched
77%
we
77%
‘Cause
69%
‘cause
69%
'Cause
69%
the
69%
us,
69%
wanna
69%
want
69%
been
62%
before
62%
close
62%
do
62%
don't
62%
heal
62%
here
62%
I'm
62%
It’s
62%
it's
62%
I've
62%
I’ve
62%
just
62%
two
62%
what
62%
Apologies
54%
are
54%
'bout
54%
feels
54%
harm
54%
hugged
54%
leave
54%
my
54%
naïve,
54%
near
54%
start
54%
swore
54%
that's
54%
you’re
54%
ahold
46%
But
46%
charm
46%
Forgive
46%
lost
46%
make
46%
may
46%
or
46%
got
38%
grieve
38%
heart
38%
worn
38%
you've
38%
due,
31%
worsе
8%

Score Distribution

Percentile by Number Answered

Percent of People with Each Score

Your Score History

You have not taken this quiz